Experiencias de mujeres nulíparas histerectomizadas en una clínica gineco obstétrica de Cartagena / (Registro nro. 50231)

Detalles MARC
000 -LEADER
fixed length control field 01643nam a2200217 4500
005 - DATE AND TIME OF LATEST TRANSACTION
control field 20251029195845.0
008 - FIXED-LENGTH DATA ELEMENTS--GENERAL INFORMATION
fixed length control field 190415s2025 000 0 eng d
040 ## - CATALOGING SOURCE
Original cataloging agency CO-CtgCURN
Language of cataloging spa
Transcribing agency coctgcurn
082 0# - DEWEY DECIMAL CLASSIFICATION NUMBER
Classification number INQ 2025
Item number B139
100 1# - MAIN ENTRY--PERSONAL NAME
Personal name Baena Salazar, Melissa.
245 10 - TITLE STATEMENT
Title Experiencias de mujeres nulíparas histerectomizadas en una clínica gineco obstétrica de Cartagena /
Statement of responsibility, etc. Melissa Baena Salazar; Asesor: Alvaro Quintana Salcedo.
260 ## - PUBLICATION, DISTRIBUTION, ETC.
Place of publication, distribution, etc. Cartagena de Indias :
Name of publisher, distributor, etc. Corporación Universitaria Rafael Nuñez,
Date of publication, distribution, etc. 2025.
300 ## - PHYSICAL DESCRIPTION
Extent 80 hojas.
504 ## - BIBLIOGRAPHY, ETC. NOTE
Bibliography, etc. note Trabajo de grado (Instrumentación quirúrgica). Corporación Universitaria Rafael Nuñez. Facultad de Ciencias de la Salud. Instrumentación Quirúrgica, 2025.
520 ## - SUMMARY, ETC.
Summary, etc. "La histerectomía es una intervención quirúrgica en la que se extrae el útero, generalmente como último recurso terapéutico después de un largo período de síntomas ginecológicos. Se realiza tanto por patologías benignas como malignas, y se puede realizar a través de diferentes vías, como la vaginal, abdominal o laparoscópica. A nivel mundial, se estima que se realizan alrededor de 600.000 histerectomías al año, siendo el 80% las indicadas por patología benigna"
650 #0 - SUBJECT ADDED ENTRY--TOPICAL TERM
Topical term or geographic name entry element Instrumentación quirúrgica
Form subdivision Tesis y disertaciones academicas.
700 1# - ADDED ENTRY--PERSONAL NAME
Personal name Quintana Salcedo, Alvaro,
Relator term Asesor.
856 ## - ELECTRONIC LOCATION AND ACCESS
Uniform Resource Identifier <a href="https://unicurn.sharepoint.com/:b:/s/biblioteca/EYpGoZVFI-tEq3ZKuw8GNswBhHhP_ZXoN_UU__55EqgZwA?e=J75BM7">https://unicurn.sharepoint.com/:b:/s/biblioteca/EYpGoZVFI-tEq3ZKuw8GNswBhHhP_ZXoN_UU__55EqgZwA?e=J75BM7</a>
Public note Click aqui para ver el recurso en texto completo
942 ## - ADDED ENTRY ELEMENTS (KOHA)
Source of classification or shelving scheme Dewey Decimal Classification
Koha item type Trabajos de grado
Classification part INQ 2025
Item part B139
Existencias
Withdrawn status Lost status Source of classification or shelving scheme Damaged status Not for loan Collection Home library Current library Shelving location Date acquired Source of acquisition Cost, normal purchase price Inventory number Total checkouts Full call number Barcode Date last seen Price effective from Koha item type
    Dewey Decimal Classification     Trabajos de grado Miguel Henríquez Emiliani Miguel Henríquez Emiliani Trabajo de grado 06/01/2019 El autor 350000.00 025677   INQ 2025 B139 025677 06/20/2019 06/20/2019 Trabajos de grado